Plus ou moins de 50 km/h? - Mort Subite - Statistiques

Statistiques générales
  • Ce quiz a été pris 160 fois
  • Le résultat moyen est 3 sur 8
Answers on the Grid
Answers color-coded by a green-red scale on the quiz's grid according to % correct below.
Colibri
Autruche
Chameau
Trotinette Dualtron débridée
Usain Bolt
Baleine bleue
Orque
Requin blanc
Guêpe
Cochon
Grizzly
Kangourou
Scooter 50cc d'origine
Éléphant
Plus grande vitesse en surf
Pieuvre
 
Statistiques - réponses
Réponse % Correct
Autruche
71%
Colibri
42%
Trotinette Dualtron débridée
42%
Plus grande vitesse en surf
30%
Requin blanc
26%
Orque
23%
Kangourou
17%
Grizzly
11%
Aucun quiz correspondant
Distribution des résultats
% des personnes avec chaque résultat
Percentile par nombre de réponses
Votre historique - résultats
Vous n’avez pas pris ce quiz